00561nam a22001217a 450000500170000000800410001702000180005824500440007626000580012030000280017850002130020665000200041920241126202656.0241126b |||||||| |||| 00| 0 eng d a9780406031746 aThe All England Law Reports 1994 Vol. 3 aLondon, UKbButterworths & Co. (Publishing) Ltdc1994 axvi, 992 pagesc23.5 cm aEditor ; Hutchesson Peter LLM. Barrister, New Zealand. Assistant Editor ; Watson Brook of Lincoln Inn, Barrister and of the New South Wales Bar. Consulting Editor : Shockett Wendy of Gray's Inn, Barrister. 2Law ReportsxUK